000
00325nam a2200109Ia 4500
008
171211s9999 xx 000 0 und d
245
4
_a
The Theory of Mixed Oligopoly
245
_c
Minoru Kunizaki and Mitsuyoshi Yanagihara
260
_c
2017
650
_x
Economics
856
_u
http://www.ebook777.com/theory-mixed-oligopoly/
999
_c
348111
_d
348111